| 000 | 00507nam a2200169Ia 4500 | ||
|---|---|---|---|
| 005 | 20250508151114.0 | ||
| 008 | 008 250505s9999 xx 000 0 eng d | ||
| 037 | _aTextual | ||
| 040 |
_aFEDL _beng _cFEDL |
||
| 041 |
_aeng _2eng |
||
| 084 |
_a371.33, IND _qFEDL |
||
| 245 | 0 | _aProceedings of audio visual education conference held at New Delhi in october 1951 | |
| 245 | 0 | _cIndia, Education (Ministry of-) | |
| 300 | _a105p. | ||
| 942 |
_cTEXL _h371.33, IND |
||
| 999 |
_c1327613 _d1327613 |
||